000
00216 a2200097 4500
001
35011
100
_a
Tariq Rehman
245
_a
Pakistani English
260
_a
Island
_b
N I of Pak Studies
_c
090
_c
23163
_d
23163
942
_a
NUST-CAE
_c
M
_c
14629
999
_c
270084
_d
270084